Statistiques concernant Joueur brésilien à la coupe du monde 2022.

Cliquez ici pour prendre le quiz!

Statistiques générales

  • Ce quiz a été pris 59 fois
  • Le résultat moyen est 9 sur 23

Statistiques - réponses

HintRéponse% Correct
15Neymar
96%
16Vinicius Junior
70%
7Thiago Silva
65%
17Richarlison
63%
9Casemiro
54%
8Eder Militao
54%
6Marquinhos
52%
14Lucas Paqueta
50%
19Rodrygo
50%
1Daniel Alves
43%
21Gabriel Jesus
37%
10Fabinho
33%
20Antony
28%
13Bruno Guimaraes
26%
18Raphinha
24%
3Alex Sandro
22%
4Alex Telles
22%
5Bremer
22%
2Danilo
22%
22Gabriel Martinelli
19%
11Fred
15%
23Pedro
11%
12Everton Ribeiro
4%

Distribution des résultats

Percentile par nombre de réponses

% des personnes avec chaque résultat

Votre développement - résultats

Vous n’avez pas pris ce quiz